| 000 | 00997nam a22003137a 4500 | ||
|---|---|---|---|
| 999 |
_c200453746 _d71958 |
||
| 001 | 200453746 | ||
| 003 | TR-AnTOB | ||
| 005 | 20241119104700.0 | ||
| 007 | ta | ||
| 008 | 230801s2022 tu a|||j |||| 00| j tur d | ||
| 020 | _a9786257345507 | ||
| 040 |
_aTR-AnTOB _beng _erda _cTR-AnTOB |
||
| 041 | 0 | _atur | |
| 092 |
_a808.068 _bVURh 2022 |
||
| 100 | 1 |
_aVural, Özlem _9142655 |
|
| 245 | 1 | 0 |
_aHihi hipo / _cÖzlem Vural ; Resimleyen: Cem Güventürk. |
| 264 |
_aİstanbul : _bBora Yayıncılık, _c2022. |
||
| 300 |
_a34 pages : _billustrations ; _c27 cm. |
||
| 336 |
_2rdacontent _atext _btxt |
||
| 337 |
_2rdamedia _aunmediated _bn |
||
| 338 |
_2rdacarrier _avolume _bnc |
||
| 490 | 0 | _aÇocuk Kitapları Serisi. | |
| 500 | _aKarekod eklentili sesli kitap özelliği vardır. | ||
| 653 |
_aÇocuk edebiyatı _aÇocuk hikayeleri _aArkadaşlık _aFarklılıklar _aZorbalık |
||
| 700 | 1 |
_aGüventürk, Cem _9142658 |
|
| 942 |
_2ddc _cBK |
||